• 首页
  • 本馆介绍
  • 公告通知
  • 最新文献
  • 馆藏检索
  • 电子资源
  • 读者导购
  • 参考咨询
  • 我的图书馆
  • 登录
  • 期刊详细显示
  • 现刊情况显示
  • 合订本情况显示
  • 篇目信息显示

期刊信息

  • 表格格式
  • 工作单格式
  • 卡片格式
索取号 
TH/JCH
题名 
机床
作者 
该杂志社
分册号 
分册名 
出版地 
北京
出版者 
该杂志社
标准刊号 
1000-1271
出版频率 
月刊
中图法分类 
TG5
主题词 
机械工业; 仪表工业
电子资源 
000 01287nas002200397 45
001 1196220085
005 20070415085458.15
011    @a1000-1271@d¥1.40(1990)
091    @aCN@b11-2285
092    @aCN@b2-636@cM397
100    @a19951114a19741993ekmy0chiy0121 eb
101 0  @achi@eeng
102    @aCN@b110000
110    @aafaz 0yd0
200 1  @a机床@AJI CHUANG@dMachine tools@zeng@f该杂志社@FGAI ZA ZHI SHE
207  0 @a1974,no.1(1974,2)~1993,no.?=总1~376
210    @a北京@b北京市安定门内方家胡同19号(邮码100007)@c该杂志社@d1974~93
215    @d26cm
326    @a月刊@b1979~
326    @a半月刊@b1974~78
327 0  @a专题评述@a设计与研究@a工艺与检测@a改装与维修
430  1 @12001 @a机床情报
440  1 @12001 @a制造技术与机床
510 1  @aMachine tools@zeng
540 1  @a机床
606 0  @a机械工业
606 0  @a仪表工业
610 0  @a机床
676    @a621.902@v19
690    @aTG5@v3
690    @aTH@v4
701  0 @a陈问源@ACHEN WEN YUAN@4主编
711 02 @a机械电子工业部北京机床研究所@AJI XIE DIAN ZI GONG YE BU BEI JING JI CHUANG YAN JIU SUO@4主办
711 02 @a中国机械工程学会生产工程专业学会@AZHONG GUO JI XIE GONG CHENG XUE HUI SHENG CHAN GONG CHENG ZHUAN YE XUE HUI@4主办
801  0 @aCN@bPFT@c20070415
905    @a1@cQ@dTH@eJCH
    
    机床=Machine tools/该杂志社.-1974,no.1(1974,2)~1993,no.?=总1~376.-北京(北京市安定门内方家胡同19号(邮码100007)):该杂志社,1974~93
    26cm
    继承:.-由:继承
    部分内容:专题评述;设计与研究;工艺与检测;改装与维修
    ISSN 1000-1271:¥1.40(1990)
    
●
相关链接: 在易读查询期刊 在中国知网中查询期刊 在万方数据查询期刊 在维普查询期刊
唐山师范学院图书馆 欢迎您!
大连网信软件有限公司© 版权所有